Chile en 1860: William L. Oliver: un precursor de la fotografía
Saved in:
| Main Authors: | , |
|---|---|
| Format: | Book |
| Language: | Spanish |
| Published: |
Santiago
Universitaria
1973
|
| Subjects: | |
| Tags: |
Add Tag
No Tags, Be the first to tag this record!
|
MARC
| LEADER | 00000nam a2200000 a 4500 | ||
|---|---|---|---|
| 001 | UCV7886 | ||
| 003 | CL-VaPUC | ||
| 008 | 900109e19730000CL |||||||||||||||||spa|d | ||
| 082 | 0 | 4 | |a 779.83 |b JAR |2 21 |
| 100 | |a Jara Hantke, Álvaro |e author |9 559230 | ||
| 700 | 0 | |a Oliver, William L |e author |9 301993 | |
| 245 | 1 | 0 | |a Chile en 1860: William L. Oliver: un precursor de la fotografía |
| 300 | |a 113 p | ||
| 942 | |c BK | ||
| 945 | |d 19900109 00:00:00 | ||
| 260 | |a Santiago |b Universitaria |c 1973 | ||
| 650 | 7 | |a FOTOGRAFIA 1860 |2 CL-VaPUC |9 265728 | |
| 651 | 7 | |a CHILE |2 CL-VaPUC |9 301994 | |
| 583 | |a last modification |c 19900109 00:00:00 |k Rodrigo Vera | ||
| 999 | |c 213495 |d 213493 | ||
| 952 | |0 0 |1 0 |4 0 |6 779_830000000000000_JAR_1973 |7 0 |8 P |9 195939 |a BIBARQ |b BIBARQ |d 2019-11-14 |i 2639114 |o 779.83 JAR 1973 |p 2639114 |r 2025-01-20 |w 2019-11-14 |y BK |k ARQ | ||
| 952 | |0 0 |1 0 |4 0 |6 779_830000000000000_JAR_1973 |7 0 |8 X |9 195940 |a BIBHIS |b BIBHIS |d 2019-11-14 |i 1259415 |o 779.83 JAR 1973 |p 1259415 |r 2024-01-30 |w 2019-11-14 |y BK_X |k HIS | ||